Efekty moderných platobných nástrojov v platobnom styku podnikov diplomová práca

Gespeichert in:
Bibliographische Detailangaben
1. Verfasser: Konrádová, Petra
Körperschaft: Fakulta podnikového manažmentu EU. Katedra podnikových financií
Weitere Verfasser: Kubranová, Magdaléna, 1956-
Format: Buch
Sprache:Slowakisch
Veröffentlicht: Bratislava 2017
Tags: Tag hinzufügen
Keine Tags, Fügen Sie das erste Tag hinzu!

MARC

LEADER 00000nbm a2200000 4500
001 0232305
005 20171018102155.0
041 0 |a slo 
044 |a SK 
245 1 0 |a Efekty moderných platobných nástrojov v platobnom styku podnikov  |b diplomová práca  |c Petra Konrádová ; školiteľ: Magdaléna Kubranová 
264 1 |a Bratislava  |c 2017 
300 |a 79 s. 
100 1 |a Konrádová, Petra 
700 1 |a Kubranová, Magdaléna, 1956- 
710 2 |a Fakulta podnikového manažmentu EU. Katedra podnikových financií